Las fórmulas de la política: instituciones, racionalidad y comportamiento
Gespeichert in:
| Hauptverfasser: | , |
|---|---|
| Format: | Buch |
| Sprache: | Spanisch |
| Veröffentlicht: |
Ciudad de México
Taurus
2005
|
| Ausgabe: | 1a. ed |
| Schriftenreihe: | Pensamiento
|
| Schlagworte: | |
| Tags: |
Tag hinzufügen
Keine Tags, Fügen Sie den ersten Tag hinzu!
|
MARC
| LEADER | 00000nam a2200000 a 4500 | ||
|---|---|---|---|
| 001 | UCH5202 | ||
| 003 | CL-VaPUC | ||
| 008 | 091008e20050000MX |||||||||||||||||spa|d | ||
| 020 | |a 9681913655 | ||
| 082 | 0 | 4 | |a 320.01 |b SHE |2 21 |
| 100 | 0 | |a Shepsle, Kenneth A |e author |9 541433 | |
| 700 | 0 | |a Bonchek, Mark S |e author |9 541434 | |
| 245 | 1 | 4 | |a Las fórmulas de la política: instituciones, racionalidad y comportamiento |
| 250 | |a 1a. ed | ||
| 300 | |a 469 p | ||
| 942 | |c BK | ||
| 945 | |d 20091008 00:00:00 |a rbrito | ||
| 260 | |a Ciudad de México |b Taurus |c 2005 | ||
| 650 | 7 | |a FILOSOFIA POLITICA |2 CL-VaPUC |9 541435 | |
| 650 | 0 | |a Ciencias Políticas |9 255201 | |
| 583 | |a last modification |c 20121001 01:04:12 |k Rodrigo Vera | ||
| 490 | 0 | |a Pensamiento | |
| 999 | |c 336384 |d 336382 | ||
| 952 | |0 0 |1 0 |4 0 |6 320_010000000000000_SHE_2005 |7 0 |8 A |9 427648 |a BIBHIS |b BIBHIS |d 2019-11-22 |i 4607082 |o 320.01 SHE 2005 |p 4607082 |r 2025-01-20 |w 2019-11-22 |y BK |k HIS | ||